000 00404nam a2200157Ia 4500
003 Ost
005 20260225132559.0
008 260225s9999||||xx |||||||||||||| ||und||
040 _cfsic
041 _afre
082 _a302.23
100 _aLoic Grard et Bernard Saintourens
_eAuteur
245 0 _aLA Libre Concurrence Face Aux Juges /
245 0 _cLoic Grard et Bernard Saintourens
942 _cكتاب
999 _c34638
_d34638